书目信息 |
| 书名: | Family resource management | |
| 作者: | Ruth E.Deacon. | |
| 分册号: | ||
| 分册名: | 出版地: | Boston : |
|
| 出版社: | Allyn and bacon,Inc | |
| 出版时间: | 1987. | |
| 页数: | 291 p. ; | |
| 开本: | 26cm. | |
| 丛书名: | ||
| 中图分类号: | ||
| 科图分类号: | ||
| 其他分类号: | TS976 | |
| 主题词: | ||
| 电子资源: | ||
| 000 | 00517nam 2200169 a 4500 | |
| 001 | E0259783377 | |
| 005 | 2002010816362310 | |
| 008 | 020108s1987 00010 eng | |
| 020 | @a0-205-11138-6. :@cRMB 12.00. | |
| 040 | @aPFT@beng | |
| 090 | @aTS976 | |
| 099 | @dTS976@eD278 | |
| 245 | @aFamily resource management :@bprinciples and applications / @cRuth E.Deacon. | |
| 250 | @a2nd ed. | |
| 260 | @aBoston :@bAllyn and bacon,Inc,@c1987. | |
| 300 | @a291 p. ;@c26cm. | |
| 500 | @aIncludes bibliographical references and index | |
| Family resource management : : principles and applications / / Ruth E.Deacon.-2nd ed.-Boston : : Allyn and bacon,Inc, , 1987. |
| 291 p. ; ; 26cm. |
| Includes bibliographical references and index |
| ISBN 0-205-11138-6. :RMB 12.00. |
| ● |
| 相关链接 |
|
|
|
正题名:Family resource management
索取号:TS976/D278
 
预约/预借
| 序号 | 登录号 | 条形码 | 馆藏地/架位号 | 状态 | 备注 |
| 1 | 01428 | 300014286 | 自科库501/ [索取号:TS976/D278] | 在馆 |